000 00772nam a2200241Ia 4500
003 IN-BaIIA
008 211028s9999 xx s 000 0 eng d
020 _a2-86883-750-6 (Online)
022 _a1633-4760 (Print)
022 _a1638-1963 (Online)
040 _cIIA Library
100 _aJorissen, A., ed.
_938134
245 4 _aThe Future Astronuclear Physics
_h[eBook]
260 _aFrance
_bEDP Sciences
_c2004
300 _aiii, 247p.
490 _aEAS Publications Series
700 _aBoffin, H., ed.
_938135
700 _aGoriely, S., ed.
_938136
700 _aRayet, M., ed.
_938137
700 _aSiess, L., ed.
_938138
856 _uhttps://www.eas-journal.org/articles/eas/abs/2004/01/contents/contents.html
_yClick Here to Access eBook
942 _cEB
999 _c20605
_d20605